MARC details
| 000 -CABECERA |
| campo de control de longitud fija |
02372nam a22003857a 4500 |
| 003 - IDENTIFICADOR DEL NÚMERO DE CONTROL |
| campo de control |
CHAP |
| 005 - FECHA Y HORA DE LA ÚLTIMA TRANSACCIÓN |
| campo de control |
20250224112107.0 |
| 008 - DATOS DE LONGITUD FIJA--INFORMACIÓN GENERAL |
| campo de control de longitud fija |
110225s2010 mx r 00010 spa d |
| 035 ## - NÚMERO DE CONTROL DEL SISTEMA |
| Número de control de sistema |
112235 |
| 040 ## - FUENTE DE LA CATALOGACIÓN |
| Centro/agencia transcriptor |
CHAP |
| 090 ## - LOCALMENTE ASIGNADO TIPO-LC NÚMERO DE CLASIFICACIÓN (OCLC); NÚMERO DE CLASIFICACIÓN LOCAL (RLIN) |
| Número de clasificación (OCLC) (R) ; Numero de clasificación, CALL (RLIN) (NR) |
Tesis |
| 100 1# - ENTRADA PRINCIPAL--NOMBRE DE PERSONA |
| Nombre de persona |
Vergara Hernández, Héctor Paul. |
| 9 (RLIN) |
118886 |
| 245 #1 - MENCIÓN DE TÍTULO |
| Título |
Seroprevalencia de brucelosis caprina en 3 ejidos del municipio de Lerdo, Durango |
| Mención de responsabilidad, etc. |
/por Héctor Paul Vergara Hernández |
| 264 ## - PRODUCCIÓN, PUBLICACIÓN, DISTRIBUCIÓN, FABRICACIÓN Y COPYRIGHT |
| Producción, publicación, distribución, fabricación y copyright |
Bermejillo, Durango Méx. : |
| Nombre del de productor, editor, distribuidor, fabricante |
El autor, |
| Fecha de producción, publicación, distribución, fabricación o copyright |
2010. |
| 502 ## - NOTA DE TESIS |
| Tipo de título |
Ingeniero Agrónomo en Sistemas Agrícolas de Zonas Áridas |
| Nombre de la institución que otorga el título |
Unidad Regional Universitaria de Zonas Áridas, |
| Año de obtención del título |
2010. |
| 520 ## - SUMARIO, ETC. |
| Sumario, etc. |
El objetivo del presente estudio fue evaluar la prevalencia de brucelosis caprina en 10 hatos de 3 ejidos del municipio de Lerdo, Durango en el año 2010. Los ejidos considerados fueron los siguientes: Castilagua, San Isidro y Vicente Suárez, pertenecientes al municipio de Lerdo, Durango,<br/>México. Se obtuvieron en total 646 muestras de suero sanguíneo que fueron procesadas en el laboratorio de la Unidad Regional Universitaria de Zonas Áridas, mediante el método de Rosa de Bengala. Para el análisis de seroprevalencia se empleó el modelo estadístico Logit para variables cualitativas, mediante el procedimiento PROC CATMOD del paquete estadístico SAS. El ejido que mostro una seroprevalencia superior a la media (14.90%) fue el ejido San Isidro (16.67%); mientras que en los ejidos Castilagua y Vicente Suárez se obtuvo una seroprevalencia de 13.33% y 14.87% respectivamente. Se concluye que la seroprevalencia promedio que se obtuvo de los tres ejidos evaluados, está por debajo de la media de seroprevalencia nacional. |
| 650 14 - PUNTO DE ACCESO ADICIONAL DE MATERIA--TÉRMINO DE MATERIA |
| Término de materia o nombre geográfico como elemento de entrada |
Brucelosis. |
| 9 (RLIN) |
15734 |
| 650 14 - PUNTO DE ACCESO ADICIONAL DE MATERIA--TÉRMINO DE MATERIA |
| Término de materia o nombre geográfico como elemento de entrada |
Ejidos |
| Subdivisión general |
Durango. |
| 9 (RLIN) |
36014 |
| 650 14 - PUNTO DE ACCESO ADICIONAL DE MATERIA--TÉRMINO DE MATERIA |
| Término de materia o nombre geográfico como elemento de entrada |
Ganado cabrío |
| Subdivisión general |
Durango. |
| 9 (RLIN) |
45004 |
| 650 14 - PUNTO DE ACCESO ADICIONAL DE MATERIA--TÉRMINO DE MATERIA |
| Término de materia o nombre geográfico como elemento de entrada |
Serodiagnóstico. |
| 9 (RLIN) |
105179 |
| 856 ## - LOCALIZACIÓN Y ACCESO ELECTRÓNICOS |
| Identificador Uniforme del Recurso |
http://10.13.5.2/tesis/112235.pdf |
| Nota pública |
DESCARGAR PDF |
| 942 ## - ELEMENTOS DE PUNTO DE ACCESO ADICIONAL (KOHA) |
| Tipo de ítem Koha |
Tesis digital |
| Fuente del sistema de clasificación o colocación |
cLAsificación Universidad Autónoma Chapingo |
| 590 ## - NOTA LOCAL (RLIN) |
| Nota local |
ALEPH |
| Procedencia (VM) [OBSOLETO] |
10 |
| Condición del los carretes individuales (VM) [OBSOLETO] |
20130110 |
| 590 ## - NOTA LOCAL (RLIN) |
| Nota local |
BATCH-UPD |
| Procedencia (VM) [OBSOLETO] |
10 |
| Condición del los carretes individuales (VM) [OBSOLETO] |
20130110 |
| 590 ## - NOTA LOCAL (RLIN) |
| Nota local |
BATCH-UPD |
| Procedencia (VM) [OBSOLETO] |
10 |
| Condición del los carretes individuales (VM) [OBSOLETO] |
20130410 |
| 590 ## - NOTA LOCAL (RLIN) |
| Nota local |
BATCH-UPD |
| Procedencia (VM) [OBSOLETO] |
10 |
| Condición del los carretes individuales (VM) [OBSOLETO] |
20130914 |
| 590 ## - NOTA LOCAL (RLIN) |
| Nota local |
BATCH-UPD |
| Procedencia (VM) [OBSOLETO] |
10 |
| Condición del los carretes individuales (VM) [OBSOLETO] |
20140324 |
| 590 ## - NOTA LOCAL (RLIN) |
| Nota local |
BATCH-UPD |
| Procedencia (VM) [OBSOLETO] |
10 |
| Condición del los carretes individuales (VM) [OBSOLETO] |
20141002 |
| 590 ## - NOTA LOCAL (RLIN) |
| Nota local |
CONVERSION |
| Procedencia (VM) [OBSOLETO] |
10 |
| Condición del los carretes individuales (VM) [OBSOLETO] |
20130109 |
| 901 ## - ELEMENTOS DE DATOS A LOCAL LDA (RLIN) |
| a |
BK |
| 949 ## - PROCESAMIENTO DE INFORMACIÓN LOCAL (OCLC) |
| a |
Tesis |
| b |
BC |
| c |
TES |
| d |
33724002237959 |
| e |
TS2 |
| f |
c.2 |
| g |
DonaciØn |
| h |
52013 |
| i |
112235 |
| s |
t |
| 949 ## - PROCESAMIENTO DE INFORMACIÓN LOCAL (OCLC) |
| a |
Tesis |
| b |
BC |
| c |
TES |
| d |
33724002237991 |
| e |
TS1 |
| g |
DonaciØn |
| h |
52012 |
| i |
112235 |
| s |
t |